01460nam a2200349 a 4500001001000000003000900010005001700019007000300036008004100039040003000080082002900110100005200139245011300191264007300304300002900377336002700406337003300433338002800466490007400494500007000568504007300638586001900711590002600730650005600756650002400812650002600836710005600862910004000918942001200958952012300970999001701093000008969DO-SdBPM20260217100821.0ta090922s1989 dr r 000 p spa d aDO-SdBPMbspacBPMSUdrda 4aRD861.08bR789c 19892221 aRosario Candelier, Bruno,d1941-4aut. eautor 13aLa creación mitopoética :bsímbolos y arquetipos en la lírica dominicana /cBruno Rosario Candelier. aSantiago de los Caballeros , República Dominicana :bPUCMM,c1989. a252 páginas ;c24 cm. atextobtxt2rdacontent asin mediaciónbn2rdamedia avolumenbnc2rdacarrier0 aPblicaciones de la Universidad Católica Madre y Maestra ;aEstudios aIncluye datos biográficos del autor en la solapa de la cubierta aIncluye referencias bibliográficas y notas al pie de las páginas aPremio Siboney aInventariado, 2026/VM 7aPoesía dominicanaySiglo XXxHistoria y crítica 7aLiteratura domicana 7aMito en la literatura2 aPontificia Universidad Católica Madre y Maestra  aVMateo V. Control de calidad BPMSU  2ddccBK 00102ddc708CDaBPMETbBPMETd2026-02-17l0oBPMSU CD RD861.08 R789c 1989pBPMSU26020103r2026-02-17w2026-02-17yBK c15703d15703